La filosofía de Nietzsche

Uloženo v:
Podrobná bibliografie
Hlavní autor: Fink, Eugen (Autor)
Médium: Kniha
Jazyk:španělština
Vydáno: Madrid Alianza 1984
Vydání:6a. ed
Edice:Alianza universidad, 164
Tagy: Přidat tag
Žádné tagy, Buďte první, kdo vytvoří štítek k tomuto záznamu!

MARC

LEADER 00000nam a2200000 a 4500
001 UCY4801
003 CL-VaPUC
008 950329e19840000SP |||||||||||||||||spa|d
082 0 4 |a 146.4  |b FIN  |2 21 
100 0 |a Fink, Eugen  |e author  |9 333296 
245 1 3 |a La filosofía de Nietzsche 
250 |a 6a. ed 
300 |a 225 p 
942 |c BK 
945 |d 19950329 00:00:00  |a aalvarez 
260 |a Madrid  |b Alianza  |c 1984 
583 |a last modification  |c 19950329 00:00:00  |k Rodrigo Vera 
490 0 |a Alianza universidad, 164 
999 |c 232565  |d 232563 
952 |0 0  |1 0  |4 0  |6 146_400000000000000_FIN_1984  |7 0  |8 A  |9 237258  |a BIBEDU  |b BIBEDU  |d 2019-11-15  |i 3070867  |o 146.4 FIN 1984  |p 3070867  |r 2019-11-15  |w 2019-11-15  |y BK  |k FIL